000 00367nam a2200145Ia 4500
008 210210b1989 xxu||||| |||| 00| 0 eng d
020 _a81 207 0068 6
082 _a158.3 DAVB
100 _aDAVE (Indu).
245 _aBasic essentials of counselling.
260 _aND
_bSterling Publishers Pvt Ltd
_c1989
300 _a197
690 _aCounselling
906 _a046715
999 _c95998
_d95998